000 00195nam a2200085 4500
001 1255921
005 20251216141136.0
245 _aAYASOFYADA BİR GECE
_cRANA DEMİRİZ
260 _bTİMAŞ YAYINLARI
999 _c1255921
_d1255921